[Event "Doeberl Cup Minor 43rd"]
[Site "Canberra"]
[Date "2005.03.25"]
[Round "2"]
[White "Smith, Adrian"]
[Black "Stankovic, Goran"]
[Result "0-1"]
[WhiteElo "1479"]
[BlackElo "1265"]
[PlyCount "44"]
[EventDate "2005.03.25"]
[EventType "swiss"]
[EventRounds "7"]
[EventCountry "AUS"]
[SourceTitle "EXT 2009"]
[Source "ChessBase"]
[SourceDate "2008.11.26"]
[SourceVersion "1"]
[SourceVersionDate "2008.11.26"]
[SourceQuality "1"]

1. e4 d5 2. exd5 Nf6 3. Nf3 Nxd5 4. d4 Bg4 5. c4 Nf6 6. Be2 e6 7. 0-0 Be7 8. Nc3 0-0 9. Bf4 a6 10. Qd2 Nbd7 11. h3 Bh5 12. Rfd1 c5 13. d5 exd5 14. Nxd5 Nxd5 15. Qxd5 Nf6 16. Qxb7 Qe8 17. g4 Bg6 18. Ne5 Be4 19. Qc7 Rc8 20. Qa5 Bb7 21. g5 Bd8 22. gxf6 Bxa5 0-1